Emergencia de culturas juveniles: estrategias del desencanto
En este documento se analizan las diferentes manifestaciones que hacen los jóvenes en su búsqueda de identidad y que dan forma a la cultura juvenil. Estas manifestaciones son consideradas como formas de actuación política no institucionalizadas y no como prácticas de desadaptados (as) sociales. Se a...
محفوظ في:
| المؤلف الرئيسي: | |
|---|---|
| التنسيق: | نص |
| منشور في: |
Buenos Aires:
Grupo Editorial Norma
|
| الموضوعات: | |
| الوسوم: |
إضافة وسم
لا توجد وسوم, كن أول من يضع وسما على هذه التسجيلة!
|
MARC
| LEADER | 00000 a a2200000 04500 | ||
|---|---|---|---|
| 001 | 21966 | ||
| 003 | |||
| 040 | |||
| 090 | |a 146400 | ||
| 100 | |a Reguillo Cruz, Rossana | ||
| 245 | |a Emergencia de culturas juveniles: estrategias del desencanto | ||
| 260 | |a Buenos Aires: |b Grupo Editorial Norma | ||
| 300 | |a 182 p | ||
| 520 | |a En este documento se analizan las diferentes manifestaciones que hacen los jóvenes en su búsqueda de identidad y que dan forma a la cultura juvenil. Estas manifestaciones son consideradas como formas de actuación política no institucionalizadas y no como prácticas de desadaptados (as) sociales. Se analiza, desde una perspectiva sociocultural, las prácticas juveniles, para lo cual se utilizaron técnicas como la observación, entrevista a profundidad y grupos de discusión con el fin de situar al actor y conocer su mundo de representaciones simbólicas./MSD | ||
| 650 | |a JUVENTUD | ||
| 650 | |a COMPORTAMIENTO SOCIAL | ||
| 650 | |a ESTILOS DE VIDA | ||
| 650 | |a IDENTIDAD CULTURAL | ||
| 650 | |a <FECUNDIDAD> <ANALFABETISMO> <DESARROLLO HUMANO> <ESPERANZA DE VIDA> <INDICADORES DEMOGRAFICOS> | ||
| 999 | |c 10509 |d 10509 | ||
